| 000 | 00818nam a2200217 a 4500 | ||
|---|---|---|---|
| 001 | 35 | ||
| 003 | CDMR | ||
| 005 | 20131111170323.0 | ||
| 008 | 130130s1991||||||||||||||||||||||||spa|d | ||
| 020 | _a8479540079 | ||
| 040 |
_aCDMR _bcat _cCPC GIRONA |
||
| 100 | 1 |
_94327 _aMoncada, Alberto |
|
| 245 | 1 | 3 |
_aEl nuevo poder informativo en España _b: multimedia, multinacionales y multinegocios _cAlberto Moncada |
| 260 |
_aMadrid _bLibertarias/Prodhufi _c1991 |
||
| 300 | _a197 p. | ||
| 490 | 0 |
_aEnsayo (Libertarias) _v47 |
|
| 505 | _aInclou entrevises a: Miguel de Aguilera, Alejandro Echevarría, Enrique Bustamante, Manuel Martín Ferrand, Alfredo Fraile, Jesús Timoteo i Manuel Vázquez Montalbán | ||
| 650 | 0 | 4 |
_9396 _aMitjans de comunicació de massa _zEspanya |
| 650 | 0 | 4 |
_9311 _aEmpreses periodístiques |
| 942 |
_cMON _2udc |
||
| 999 |
_c35 _d35 |
||